000
00197nam a2200073Ia 4500
008
170523s9999 xx 000 0 und d
100
_a
Douglas- Bodie
245
0
_a
Concepts and Models of Inorganic Chemistry
260
_a
Wiley India
999
_c
12303
_d
12303